000 00698aam a2200265 4500
005 20250919192424.0
008 150227b xxu||||| |||| 00| 0 ES d
041 _aESP
082 _a351.711 C8374L21
100 _aCosta Rica. Leyes, decretos, etc.
245 _aLey de Contratación Administrativa y su Reglamento
250 _a21 edición
260 _bPublicaciones Jurídicas
260 _aCosta Rica
260 _c2021
300 _a114 páginas
490 _aTemática General
650 _aCOSTA RICA
650 _aCONTRATACIÓN ADMINISTRATIVA
650 _aCONTRATOS
650 _aDERECHO ADMINISTRATIVO
650 _aLEGISLACIÓN
942 _cBK
_2ddc
999 _c12963
_d12963